书目信息 |
| 题名: |
食物中毒的预防与控制
|
|
| 作者: | 周国芳 编著 | |
| 分册: | ||
| 出版信息: | 北京 华夏出版社 1999.11 |
|
| 页数: | 133页 | |
| 开本: | 32开 | |
| 丛书名: | ||
| 单 册: | ||
| 中图分类: | R155.3 | |
| 科图分类: | ||
| 主题词: | 营养卫生 , 食品卫生 , 饮食卫生 , 食品卫生学 | |
| 电子资源: | ||
| ISBN: | 7-5080-1989-X | |
| 000 | 00643nam0 2200229 45 | |
| 001 | 0008171649 | |
| 005 | 20000817161539.9 | |
| 010 | @a7-5080-1989-X@d9.00元 | |
| 100 | @a20000817d1999 km y0chiy0120 ea | |
| 101 | 0 | @achi |
| 105 | @a z 000yy | |
| 200 | 1 | @a食物中毒的预防与控制@AShi Wu Zhong Du De Yu Fang Yu Kong Zhi@f周国芳 编著@FZhou Guo Fang Bian Zhu |
| 210 | @a北京@c华夏出版社@d1999.11 | |
| 215 | @a133页@d32开 | |
| 606 | 0 | @a营养卫生 |
| 606 | 0 | @a食品卫生 |
| 606 | 0 | @a饮食卫生 |
| 606 | 0 | @a食品卫生学 |
| 690 | @aR155.3@v3 | |
| 701 | 0 | @a周国芳@4编著 |
| 801 | @aCN@bPftUser@c20000817 | |
| 905 | @b110081-085@dR155.3@eW:071@f5 | |
| 食物中毒的预防与控制/周国芳 编著.-北京:华夏出版社,1999.11 |
| 133页;32开 |
| ISBN 7-5080-1989-X:9.00元 |
| ● |
| 相关链接 |
|
|
|
正题名:食物中毒的预防与控制
索取号:R155.3/W:071
 
预约/预借
| 序号 | 登录号 | 条形码 | 馆藏地/架位号 | 状态 | 备注 |
| 1 | 110081 | 201100815 | 自科库401/401自科库 2排4列2层/ [索取号:R155.3/W:071] | 在馆 | |
| 2 | 110082 | 201100824 | 自科库401/401自科库 2排4列2层/ [索取号:R155.3/W:071] | 在馆 | |
| 3 | 110083 | 201100833 | 自科库401/401自科库 2排4列2层/ [索取号:R155.3/W:071] | 在馆 | |
| 4 | 110084 | 201100842 | 自科库401/401自科库 2排4列2层/ [索取号:R155.3/W:071] | 在馆 | |
| 5 | 110085 | 201100851 | 自科库401/401自科库 2排4列2层/ [索取号:R155.3/W:071] | 在馆 |